000
00237nam a2200097Ia 4500
082
_a
J 796.333 STOR
245
0
_a
Rugby
100
_a
STOREY, Rita London, 2009
_9
76569
942
_c
BK
008
210817s9999 xx 000 0 und d
999
_c
255966
_d
255965